History - World | 2 | 2 | 0 | 0 | 50 | 17 | 55.25 | 0 | 1 |
Fine Arts - Music | 1 | 3 | 0 | 0 | 45 | 52 | 76.00 | 0 | 0 |
History - American | 1 | 3 | 0 | 0 | 45 | 47 | 71.75 | 0 | 0 |
Science - Biology | 1 | 2 | 0 | 0 | 35 | 69 | 95.00 | 0 | 0 |
History - European | 0 | 3 | 0 | 0 | 30 | 101 | 106.67 | 0 | 0 |
Fine Arts - Miscellaneous | 0 | 3 | 0 | 0 | 30 | 72 | 99.67 | 0 | 0 |
Literature - British | 0 | 3 | 0 | 0 | 30 | 66 | 83.00 | 0 | 0 |
Science - Physics | 0 | 3 | 0 | 0 | 30 | 59 | 75.33 | 1 | 1 |
Science - Chemistry | 0 | 3 | 0 | 0 | 30 | 67 | 102.33 | 0 | 0 |
Other - Other Academic and General Knowledge | 1 | 1 | 0 | 0 | 25 | 37 | 57.00 | 1 | 1 |
Fine Arts - Sculpture | 1 | 1 | 0 | 0 | 25 | 75 | 75.50 | 0 | 0 |
Science - Astronomy | 1 | 1 | 0 | 0 | 25 | 67 | 92.00 | 0 | 0 |
Literature - European | 1 | 1 | 0 | 0 | 25 | 57 | 81.50 | 0 | 0 |
Literature - American | 0 | 2 | 0 | 0 | 20 | 98 | 110.00 | 0 | 0 |
Fine Arts - Painting | 0 | 2 | 0 | 0 | 20 | 71 | 93.00 | 0 | 0 |
Science - Engineering and Miscellaneous | 0 | 2 | 0 | 0 | 20 | 72 | 84.00 | 0 | 0 |
RMP - World Mythology | 0 | 2 | 0 | 0 | 20 | 102 | 109.50 | 0 | 0 |
Literature - World and Miscellaneous | 0 | 2 | 0 | 0 | 20 | 126 | 129.50 | 0 | 0 |
Social Science - Other | 1 | 0 | 0 | 0 | 15 | 34 | 34.00 | 0 | 0 |
Geography - United States | 1 | 0 | 0 | 0 | 15 | 56 | 56.00 | 0 | 0 |
History - Cross, Historiography, and Miscellaneous | 1 | 0 | 0 | 0 | 15 | 59 | 59.00 | 0 | 1 |
Current Events - World | 0 | 1 | 0 | 0 | 10 | 111 | 111.00 | 0 | 0 |
Geography - World | 0 | 1 | 0 | 0 | 10 | 85 | 85.00 | 0 | 0 |
Fine Arts - Film | 0 | 1 | 0 | 0 | 10 | 78 | 78.00 | 0 | 0 |
RMP - Philosophy | 0 | 1 | 0 | 0 | 10 | 86 | 86.00 | 0 | 0 |
RMP - Buddhism | 0 | 1 | 0 | 0 | 10 | 120 | 120.00 | 0 | 0 |
RMP - Hinduism | 0 | 0 | 0 | 0 | 0 | | 0.00 | 0 | 0 |
RMP - Christian Practice | 0 | 0 | 0 | 0 | 0 | | 0.00 | 0 | 0 |
Fine Arts - Opera | 0 | 0 | 0 | 0 | 0 | | 0.00 | 0 | 0 |